000 00619nam a2200229Ia 4500
003 OSt
005 20221005133528.0
006 a|||||r|||| 00| 0
007 ta
008 221004b |||||||| |||| 00| 0 urd d
024 _a71208
037 _cTextual
040 _aCRL
_cCRL
_burd
041 _2urd
_aurd
082 _aO168,1M8ZA:g, M2
100 _aSauhadrvi Inayatullah Naseem Au.
_9642565
245 0 _aZafar Ali Khan aur unka ahad
260 _c1982
650 _aURDU POETRY
942 _hO168,1M8ZA:g, M2
_cTEXL
_2cc
999 _c1067104
_d1067104